| 000 | 00000nam 2200000za 4500 |
| 001 | 9.558245 |
| 003 | CaOODSP |
| 005 | 20240527135425 |
| 007 | cr ||||||||||| |
| 008 | 150406s2002||||xxc|||||o f|0| 0 eng d |
| 020 | |a0-662-32889-2 |
| 040 | |aCaOODSP|beng |
| 043 | |an-cn--- |
| 086 | 1 |aCW69-14/214-2002E-IN |
| 110 | 2 |aCanadian Wildlife Service. |
| 245 | 10|aCOSEWIC assessment and update status report on the Woodland caribou, Rangifer tarandus caribou, Atlantic-Gaspesie population, Boreal population, Southern Mountain population, Northern Moutain population, Newfoundland population, in Canada |h[electronic resource] / |cCommittee on the Status of Endangered Wildlife in Canada. |
| 260 | |aOttawa - Ontario : |bEnvironment Canada. |c2002. |
| 300 | |a109p.|bcoloured illus., figs., references, tables |
| 500 | |aAlso available in French under title: Mise à jour, évaluation et rapport de situation du COSEPAC sur le caribou des bois, Rangifer tarandus caribou, population de la Gaspésie-Atlantique, population boréale, population des montagnes du Sud, population des montagnes du Nord, population de Terre-Neuve, au Canada. |
| 590 | |a06-13-Supp|b2006-12-15 |
| 690 | 07|aAnimals|2gcpds |
| 690 | 07|aEndangered species|2gcpds |
| 775 | 08|tMise à jour, évaluation et rapport de situation du COSEPAC sur le caribou des bois, Rangifer tarandus caribou, population de la Gaspésie-Atlantique, population boréale, population des montagnes du Sud, population des montagnes du Nord, population de Terre-Neuve, au Canada |w(CaOODSP)9.591149 |
| 856 | 40|ahttp://publications.gc.ca|qPDF|s1735 KB|uhttps://publications.gc.ca/collections/Collection/CW69-14-214-2002E.pdf |